[Event "India rating op"]
[Site "India"]
[Date "2019.02.03"]
[Round "3"]
[White "Yadav, Aakashkumar"]
[Black "Ameya, Chavan"]
[Result "0-1"]
[WhiteElo "1466"]
[BlackElo "2048"]
[PlyCount "118"]
[EventDate "2019.02.03"]
[EventType "swiss"]
[EventRounds "11"]
[EventCountry "IND"]
[SourceTitle "EXT 2021"]
[Source "ChessBase"]
[SourceDate "2020.10.23"]
[SourceVersion "1"]
[SourceVersionDate "2020.10.23"]
[SourceQuality "1"]

1. Nf3 Nf6 2. c4 g6 3. Nc3 Bg7 4. e4 d6 5. Be2 c5 6. 0-0 0-0 7. d4 cxd4 8. Nxd4 Nc6 9. h3 Bd7 10. a3 Rc8 11. Rb1 a6 12. b4 Nxd4 13. Qxd4 Ng4 14. Qd3 Ne5 15. Qc2 Nxc4 16. Bb2 Nxb2 17. Qxb2 Rxc3 18. Qd2 Bb5 19. Bxb5 axb5 20. f4 Qc7 21. Kh2 Rxa3 22. Rfc1 Qb6 23. h4 Qe3 24. Qxe3 Rxe3 25. Rc7 Rb8 26. Rxe7 Kf8 27. Rd7 Rxe4 28. Rc1 Rxf4 29. Rcc7 Be5 30. g3 Rf2+ 31. Kg1 Rf6 32. Kh2 Kg7 33. h5 gxh5 34. Kh3 Kg6 35. Kg2 Rf5 36. Kh3 Rf3 37. Kh4 Bxg3+ 38. Kh3 d5 39. Rxb7 Rxb7 40. Rxb7 Be1+ 41. Kg2 Rf2+ 42. Kh3 Bxb4 43. Kg3 Rf5 44. Kh4 Be1+ 45. Kh3 b4 46. Re7 Bc3 47. Rc7 d4 48. Rc6+ f6 49. Rd6 Rb5 50. Rd8 b3 51. Rg8+ Kf7 52. Rg1 b2 53. Rb1 Ra5 54. Kh4 Ra1 55. Rxb2 Bxb2 56. Kxh5 f5 57. Kh6 Bc1+ 58. Kxh7 Bd2 59. Kh8 Rh1# 0-1

[Event "Thane ARMS op 1st"]
[Site "Thane"]
[Date "2018.04.21"]
[Round "4"]
[White "Mota, Pankit"]
[Black "Yadav, Aakashkumar"]
[Result "1-0"]
[WhiteElo "1834"]
[BlackElo "1414"]
[PlyCount "81"]
[EventDate "2018.04.21"]
[EventType "swiss (rapid)"]
[EventRounds "9"]
[EventCountry "IND"]
[SourceTitle "CBM 184 Extra"]
[Source "ChessBase"]
[SourceDate "2018.06.28"]
[SourceVersion "1"]
[SourceVersionDate "2018.06.28"]
[SourceQuality "1"]

1. e4 e5 2. Nf3 Nc6 3. Bc4 Nf6 4. d3 Bc5 5. c3 0-0 6. Bb3 d6 7. Nbd2 Be6 8. Bc2 a6 9. h3 Ne7 10. Nf1 Ng6 11. Ng3 d5 12. Qe2 dxe4 13. dxe4 Qe7 14. Nh2 Nf4 15. Qf3 Ng6 16. Bg5 h6 17. Bxf6 Qxf6 18. Qxf6 gxf6 19. Nh5 Be7 20. Ng4 Bxg4 21. hxg4 Rfd8 22. Ng3 Nf4 23. Nf5 Bf8 24. g3 Nd3+ 25. Bxd3 Rxd3 26. Ne3 c6 27. Ke2 Rad8 28. Nd5 R3xd5 29. exd5 cxd5 30. Rad1 Kg7 31. Rh5 Kg6 32. f4 Bg7 33. Kf3 b6 34. Rh2 d4 35. f5+ Kh7 36. Rhd2 h5 37. cxd4 hxg4+ 38. Kxg4 Rc8 39. d5 Rc4+ 40. Kh5 Bh6 41. d6 1-0